000 00649nam a22002057a 4500
005 20170315164029.0
010 _aENG-117494
020 _a99789386288400
_c1060.00
035 _aEN-101026
037 _bDBAD/PUB
082 _a363.325
100 _aGupta,Ashish K.
245 _aCyber war :
_cby Ashish K. Gupta : introduction by Vinod Pandey
_bconquest over elusive enemy/
260 _aNew Delhi
_bKW Publishers
_c2017
270 _a4676/21,First Floor,Ansari Road,Daryaganj
_bNew Delhi
_e110002
300 _axx,274p.
_b23cm(Hb)
500 _aIncludes index
700 _a Pandey,Vinod
942 _2ddc
_cEN
_h363.325
_mGUP
999 _c138292
_d138292